| 000 | 00614cab a2200253 4500 | ||
|---|---|---|---|
| 001 | X1343 | ||
| 008 | 090401t1994 xxu||||| |||| 00| 0 eng d | ||
| 035 | _a(Sirsi) u16337 | ||
| 041 | _aeng | ||
| 100 | _aCatt, R. | ||
| 245 | _aBRE research update | ||
| 260 | _c1994 | ||
| 350 | _a0 | ||
| 490 |
_aCSM (Chartered Surveyor Monthly) _v3(6) March 1994, 19(1) |
||
| 650 | _aBREEAM 5 | ||
| 650 | _aBREEAM | ||
| 650 | _aHERITAGE SUPPORT SERVICE | ||
| 650 | _aHOUSING DESIGN HANDBOOK | ||
| 650 | _aINDUSTRIAL | ||
| 650 | _aSTORM DAMAGE | ||
| 690 | _aBUILT ENVIRONMENT | ||
| 942 | _n0 | ||
| 948 | _c04/03/1997 | ||
| 999 |
_c10743 _d10743 |
||